Ends in IRE Quiz Stats

Quiz Updated May 30, 2013

Also try: Ends in 'GUE'
Challenge
Share
Tweet
Embed
Score 0/24 Timer 04:00
3 Plays Today
Clue -IRE word % Correct
It follows 'Slumdog' or 'Who Wants to Be a'millionaire
98.3%
End a long career of workingretire
96.1%
Give someone a new jobhire
96.1%
Remove someone from their jobfire
95.6%
Dracula, Edward Cullen or Damon Salvatore, e.g.vampire
95.6%
Die, end or go past its usablity dateexpire
93.2%
Any card game that is played by one personsolitaire
92.2%
To sweatperspire
92%
Holy Roman, British, or Ottoman, e.g.empire
90.8%
The whole thingentire
90.5%
A strong want or a famous Streetcardesire
90.3%
With 'New,' a US StateHampshire
89.1%
Clue -IRE word % Correct
A sporting refereeumpire
89%
Blue September birthstonesapphire
83.2%
Seek information through questionsinquire
82.1%
Put in new electrical cablesrewire
77.4%
Fred who danced with Ginger RogersAstaire
76.2%
An area or county, like where Frodo Baggins is fromShire
75.9%
A tall tower or steeplespire
71.9%
Family Guy character or a swampy messQuagmire
71.8%
Regard someone with supreme respectadmire
65.8%
An outfit or collection of garmentsattire
65.3%
Literary use of sarcasm and wit to expose follysatire
65%
Former name of Democratic Republic of CongoZaire
62.5%

You're not logged in!

Compare scores with friends on all Sporcle quizzes.
Join for Free
OR
Log In

You Might Also Like...

Show Comments

Extras

Top Quizzes Today


Score Distribution

Your Account Isn't Verified!

In order to create a playlist on Sporcle, you need to verify the email address you used during registration. Go to your Sporcle Settings to finish the process.

Report this User

Report this user for behavior that violates our Community Guidelines.

Details: